Statistics for 5 Most Common House Pets

Click here to take the quiz!

General Stats

  • This quiz has been taken 1,215 times
  • The average score is 4 of 5

Answer Stats

Pet Animal% Correct
Cat
100%
Dog
100%
Fish
75%
Bird
64%
Rabbit
46%

Score Distribution

Percentile by Number Answered

Percent of People with Each Score

Your Score History

You have not taken this quiz